000 00490nam a22001697a 4500
005 20230327062454.0
008 230327b |||||||| |||| 00| 0 eng d
020 _a978-971-9645-30-6
082 _aG.S./Fil. 001.4 V161 2016
100 _aValenzuela, Edwin G.
_eauthor
245 _aThesis writing:
_bpointers and guidelines /
_cEdwin E. Valenzuela
260 _aQuezon City:
_bGreat Books Trading,
_cc2016
300 _avii, 138p.
541 _e5410
650 _aResearch
650 _aThesis
999 _c1992
_d1992